01023nac a22002531i 4500003000900000005001700009008004100026035001800067040004300085082001900128245012300147264003400270300004300304336002600347337002800373338002700401504004100428650005600469655001700525700008200542942001200624999001500636952011800651EG-ScBUE20240526100333.0240526s1955 enka f b 000 0 eng d a(OCoLC)759830 aEG-ScBUEbengerdacEG-ScBUEdEG-ScBUE04a920.7bGEO22200aGeorgiana :bextracts from the correspondence of Georgiana, Duchess of Devonshire.cedited by the Earl of Bessborough. 1aLondon :bJohn Murray,c1955. ax, 307 pages :billustrations ;c23 cm 2rdacontentatextbtxt aunmediated2rdamediabn avolumebnc2rdacarrier aIncludes bibliographical references. 72BUEshaNovelists, Russiany19th centuryvBiography. vReading book1 a Bessborough, Vere Brabazon Ponsonby,‏cEarl of,‏d1880-1956‏,eeditor. cBB2ddc c3556d3556 00102ddc40708AlahramaMAINbMAINc2NDd2007-04-29ePurchasel0o920.7 GEOp000030641r2025-07-15 00:00:00yBB